000 00536nam a2200217Ia 4500
003 OSt
005 20220924133421.0
006 a|||||r|||| 00| 0
007 ta
008 220923b |||||||| |||| 00| 0 snd d
024 _a265222
037 _cTextual
040 _aARTS
_cARTS
_bsnd
041 _2snd
_asnd
082 _aO1593:3NSA:1, K4
100 _aSachanandani
_9206409
245 0 _aKismat ja rang
260 _c1964
942 _hO1593:3NSA:1, K4
_cTEXL
_2CC
999 _c433764
_d433764